Vnorený systém pre správu inteligentnej budovy v prostredí IoT

Salvato in:
Dettagli Bibliografici
Autore principale: Fúsek, Andrej (Autore)
Altri autori: Krajčovič, Tibor (Relatore della tesi)
Natura: Manoscritto Libro
Lingua:slovacco
Pubblicazione: 2018
Soggetti:
Accesso online:http://is.stuba.sk/zp/portal_zp.pl?podrobnosti=122787
Tags: Aggiungi Tag
Nessun Tag, puoi essere il primo ad aggiungerne!!

MARC

LEADER 00000ntm a22000003a 4500
001 stuzp70229
003 SK-STU
005 20190215160608.6
007 ta
008 150427s2015----xo-----f-mn---000-0-slo-d
040 |a STU  |b slo 
041 0 |a slo 
044 |a xo 
100 1 |a Fúsek, Andrej  |u 070400  |4 aut  |U FIIT Fakulta informatiky a informačných technológií  |T FIIT Ústav počítačového inžinierstva a aplikovanej informatiky  |X 79522  |U I400  |Y 672  |7 79522 
242 0 1 |a Embedded system for smart building management in IoT environment  |y eng 
245 1 0 |a Vnorený systém pre správu inteligentnej budovy v prostredí IoT 
260 |c 2018 
300 |a 61 s., príl. 
650 4 |a inteligentná budova  |2 slo 
650 4 |a vnorený systém  |2 slo 
650 4 |a domáca automatizácia  |2 slo 
650 4 |a Zigbee  |2 slo 
650 4 |a RPC server  |2 slo 
650 4 |a Java FX  |2 slo 
650 4 |a Raspberry Pi  |2 slo 
650 4 |a smart building  |2 eng 
650 4 |a embedded system  |2 eng 
650 4 |a home automation  |2 eng 
650 4 |a Zigbee  |2 eng 
650 4 |a RPC server  |2 eng 
650 4 |a Java FX  |2 eng 
650 4 |a Raspberry Pi  |2 eng 
700 1 |a Krajčovič, Tibor  |u 070400  |k Z1  |4 ths  |U FIIT Fakulta informatiky a informačných technológií  |T FIIT Ústav počítačového inžinierstva a aplikovanej informatiky  |X 1869  |U I400  |Y 672  |7 1869 
856 4 |u http://is.stuba.sk/zp/portal_zp.pl?podrobnosti=122787 
996 |b IZP20180053  |c I*BAP68/18  |l II680  |s P  |a 0  |w stuzp70229_0001